LIBRARY & INFORMATION CENTRE, KCAET, TAVANUR

ONLINE PUBLIC ACCESS CATALOGUE (OPAC)

Vivah-chakra tatha auya kahaniyam / (Record no. 8327)

MARC details
000 -LEADER
fixed length control field 00489cam a2200193ua 4500
041 ## - LANGUAGE CODE
Language code of text/sound track or separate title hin
082 ## - DEWEY DECIMAL CLASSIFICATION NUMBER
Classification number 891.54
Item number PRU/VI
100 ## - MAIN ENTRY--AUTHOR NAME
Personal name Prutvinath, Sharma .
245 ## - TITLE STATEMENT
Title Vivah-chakra tatha auya kahaniyam /
250 ## - EDITION STATEMENT
Edition statement 1 /
260 ## - PUBLICATION, DISTRIBUTION, ETC. (IMPRINT)
Place of publication Ludhiyana :
Name of publisher Lahore book shop ,
Year of publication 1962.
300 ## - PHYSICAL DESCRIPTION
Number of Pages 187 ; .
700 1# - ADDED ENTRY--PERSONAL NAME
Personal name Satyavathi, Sharma .
942 ## - ADDED ENTRY ELEMENTS (KOHA)
Koha item type Books
Holdings
Withdrawn status Lost status Damaged status Home library Current library Date acquired Full call number Accession Number Koha item type
Withdrawn     KAUAET Sanskrit University 07/04/2012 891.54 2859 Books
free website counter